AMERICAN LIFE 5 (Registro nro. 2075)
[ vista simple ]
| 000 -LEADER | |
|---|---|
| fixed length control field | 01084nam a22002177a 4500 |
| 003 - CONTROL NUMBER IDENTIFIER | |
| control field | OSt |
| 005 - DATE AND TIME OF LATEST TRANSACTION | |
| control field | 20260415120248.0 |
| 008 - FIXED-LENGTH DATA ELEMENTS--GENERAL INFORMATION | |
| fixed length control field | 260415b |||||||| |||| 00| 0 eng d |
| 020 ## - INTERNATIONAL STANDARD BOOK NUMBER | |
| International Standard Book Number | 9780357047996 |
| 082 ## - DEWEY DECIMAL CLASSIFICATION NUMBER | |
| Edition number | 9780357047996 |
| Classification number | 9780357047996 |
| Item number | 9780357047996 |
| 100 ## - MAIN ENTRY--PERSONAL NAME | |
| Personal name | HUGHES JOHN |
| 245 ## - TITLE STATEMENT | |
| Title | AMERICAN LIFE 5 |
| 250 ## - EDITION STATEMENT | |
| Edition statement | 2 |
| 260 ## - PUBLICATION, DISTRIBUTION, ETC. | |
| Place of publication, distribution, etc. | E.E U.U |
| Name of publisher, distributor, etc. | National Geographic Learning |
| Date of publication, distribution, etc. | 2018 |
| 300 ## - PHYSICAL DESCRIPTION | |
| Other physical details | 0,488 G |
| Accompanying material | MATERIAL FISICO |
| 490 ## - SERIES STATEMENT | |
| Materials specified | Tapa rustica |
| 520 ## - SUMMARY, ETC. | |
| Summary, etc. | Ahora en una nueva edición, National Geographic Learning trae el mundo a tu clase con Life, una serie de habilidades integradas de seis niveles con gramática y vocabulario para estudiantes de inglés jóvenes y adultos. A través de contenido impresionante de National Geographic, videos y temas atractivos, Life inspira a una generación de tomadores de decisiones informados. Con Life, los estudiantes desarrollan su capacidad de pensar críticamente y comunicarse de manera efectiva en la comunidad global. |
| 700 ## - ADDED ENTRY--PERSONAL NAME | |
| Personal name | PAUL DUMMETT |
| Dates associated with a name | HELEN STEPHENSON |
| 856 ## - ELECTRONIC LOCATION AND ACCESS | |
| Materials specified | TAPA RUSTICA |
| 942 ## - ADDED ENTRY ELEMENTS (KOHA) | |
| Source of classification or shelving scheme | Dewey Decimal Classification |
| Koha item type | Acceso Libre |
| Suppress in OPAC | No |
| Withdrawn status | Lost status | Source of classification or shelving scheme | Damaged status | Not for loan | Collection | Home library | Current library | Shelving location | Date acquired | Source of acquisition | Coded location qualifier | Inventory number | Total checkouts | Full call number | Barcode | Date last seen | Copy number | Price effective from | Koha item type |
|---|---|---|---|---|---|---|---|---|---|---|---|---|---|---|---|---|---|---|---|
| Dewey Decimal Classification | Estantería F Fila 2 | Biblioteca Stanford | Biblioteca Stanford | Biblioteca Abierta | 15.04.2026 | IDIOMAS | 0499 | 0499 | INGLES | IDIOMA0499 | 15.04.2026 | 1 | 15.04.2026 | Acceso Libre |